Statistiques concernant Tous les lapins dans Animal Crossing

Cliquez ici pour prendre le quiz!

Statistiques générales

  • Ce quiz a été pris 59 fois
  • Le résultat moyen est 8 sur 20

Statistiques - réponses

Lapins% Correct
Kristine
65%
Nadine
65%
Coco
54%
Clara
51%
Gaston
43%
Zoé
43%
Civet
41%
Grignotte
41%
Dorothée
38%
Epicure
38%
Ruby
35%
Gaby
32%
Kali
32%
Tiphaine
32%
Grisette
30%
Nadia
30%
Sylvette
30%
Doc
27%
Claude
24%
Jeannot
22%

Distribution des résultats

Percentile par nombre de réponses

% des personnes avec chaque résultat

Votre développement - résultats

Vous n’avez pas pris ce quiz